Quiz sur Goldorak - Statistiques

Statistiques générales
  • Ce quiz a été pris 172 fois
  • Le résultat moyen est 13 sur 30
Statistiques - réponses
Hint Réponse % Correct
Nom terrien du pilote de Goldorak Actarus
100%
Le nom de son allié qui pilote l'OVTerre Alcor
79%
Sa planète d'origine Euphor
70%
La fille du propriétaire Vénusia
70%
Les robots géants envoyés pour affronter Goldorak Golgoth / Antérak / Monstrogoth
62%
Citez une attaque de Goldorak Fulguropoing / Planitron / Pulvonium / Astérohache / Clavicogyre / Rétrolaser / Cornofulgure / Megavolt / Missile Gamma / Voltogyre / Translucidateur / Spirolargue / Tariéropunch / Rétrospace / Météo Punch / Mégamach / Hélico Punch
61%
Commandant des armées de Véga Minos
61%
Combien y'a-t-il de routes de sortie pour Goldorak dans le centre ? 8
59%
Son alter ego féminin qui vit dans sa tête Minas
58%
Son propriétaire Rigel
57%
Princesse d'Euphor qui n'a peur de rien Phenicia
56%
Grand maître et dirigeant de l'empire de Véga Grand Strateguerre
47%
Le fils du propriétaire Mizar
47%
L'homme qui a recueilli le pilote de Goldorak et qui dirige le centre d'études spatiales Professeur Procyon
45%
Le lieu ou il réside Ranch du Bouleau Blanc
43%
Général des armées de Véga Hydargos
41%
Leur voisin idiot et bagarreur Banta
36%
Commandant qui prendra sa place par la suite Horos
32%
Fille du dirigeant de l'empire de Véga Vegalia
31%
Son assistant numéro 2 Antares
30%
Base de l'empire de Véga à proximité de la Terre Camp de la Lune Noire
29%
Créateur de Goldorak Gô Nagai
29%
Son assistant numéro 1 Argoli
27%
Escouade spéciale des forces de Véga Division Ruine
26%
Ville à proximité du ranch Perlepolis / Tokyo
26%
Nom du jeu-vidéo Goldorak de Microids qui tire son nom du titre d'un épisode Le Festin des Loups
24%
L'ancienne petite amie d'Actarus sur Euphor Aphélie
22%
Son assistant numéro 3 Cochir
22%
Son vrai nom Duke Fleed
15%
Nom du premier golgoth que Goldorak a affronté Giru Giru
5%
Aucun quiz correspondant
Distribution des résultats
% des personnes avec chaque résultat
Percentile par nombre de réponses
Votre historique - résultats
Vous n’avez pas pris ce quiz